书目信息 |
| 题名: |
球类运动
|
|
| 作者: | 乒乓球、手球、垒球、羽毛球编写组编 | |
| 分册: | 乒乓球、手球、垒球、羽毛球 | |
| 出版信息: | 北京 高等教育出版社 1989.4 |
|
| 页数: | 496页 | |
| 开本: | 20厘米 | |
| 丛书名: | ||
| 单 册: | ||
| 中图分类: | G84 | |
| 科图分类: | 39.96 | |
| 主题词: | 球类运动--高等学校--教材 , 乒乓球运动--高等学校--教材 , 垒球运动--高等学校--教材 , 羽毛球运动--高等学校--教材 , 手球运动--高等学校--教材 | |
| 电子资源: | ||
| ISBN: | ||
| 000 | 01112nam0 2200289 45 | |
| 001 | 0189012278 | |
| 005 | 20070619153339.60 | |
| 010 | @dCNY7.95@z7-00-002122-6 | |
| 100 | @a19910105d1989 m y0chiy0120 ea | |
| 101 | 0 | @achi |
| 102 | @aCN | |
| 105 | @af j 000yy | |
| 200 | 10 | @a球类运动@Aqiu lei yun dong@i乒乓球、手球、垒球、羽毛球@Iping pang qiu 、 shou qiu 、 lei qiu 、 yu mao qiu@f乒乓球、手球、垒球、羽毛球编写组编@Fping pang qiu 、 shou qiu 、 lei qiu 、 yu mao qiu bian xie zu bian |
| 210 | @a北京@c高等教育出版社@d1989.4@h1995 | |
| 215 | @a496页@c图@d20厘米 | |
| 300 | @a高等学校试用教材 | |
| 330 | @a本书共分乒乓球、手球、垒球、羽毛球四项,分别阐述了基本理论、基本技术与数学法,以及战略战术,竞赛规则和裁判法、竞赛的组织、编排等。 | |
| 540 | 1 | @a球类 运动@Aqiu lei yun dong |
| 606 | @a球类运动@x高等学校@x教材 | |
| 606 | @a乒乓球运动@x高等学校@x教材 | |
| 606 | @a垒球运动@x高等学校@x教材 | |
| 606 | @a羽毛球运动@x高等学校@x教材 | |
| 606 | @a手球运动@x高等学校@x教材 | |
| 690 | @aG84@v1980 | |
| 692 | @a39.96@v1974 | |
| 801 | 0 | @aCN@bTSSF@c20070619 |
| 905 | @a10447@dG84@e289 | |
| 球类运动.乒乓球、手球、垒球、羽毛球/乒乓球、手球、垒球、羽毛球编写组编.-北京:高等教育出版社,1989.4(1995) |
| 496页:图;20厘米 |
| 高等学校试用教材 |
| ISBN :CNY7.95 |
| 本书共分乒乓球、手球、垒球、羽毛球四项,分别阐述了基本理论、基本技术与数学法,以及战略战术,竞赛规则和裁判法、竞赛的组织、编排等。 |
| ● |
| 相关链接 |
|
|
|
|
正题名:球类运动
索取号:G84/289
 
预约/预借
| 序号 | 登录号 | 条形码 | 馆藏地/架位号 | 状态 | 备注 |
| 1 | 0654380 | 206543800 | 第一样本阅览室/ [索取号:G84/289] | 在馆 | |
| 2 | 0654381 | 206543819 | 密集书库/ [索取号:G84/289] | 在馆 |